LEADER 01214nam--2200409---450- 001 990001049260203316 005 20070918151452.0 011 $a0033-9334 035 $a0104926 035 $aUSA010104926 035 $a(ALEPH)000104926USA01 035 $a0104926 100 $a20020321b--------km-y0itay0103----ba 101 $aita 102 $aIT 110 $aaga-------- 200 1 $aRassegna chimica$erivista di merceologia, chimica applicata e industriale 210 $aRoma$cRagno 215 $av$d29 cm 300 $aComincia nel 1949 326 $aBimestrale 410 $12001 606 0 $aChimica applicata$xPeriodici 676 $a660 801 0$aIT$bsalbc$gISBD 912 $a990001049260203316 958 $aECO$bFondo$c32(1980)- 48(1996); 50 (1998)- 52 (2000). Scompleti 1995,1996,2000. 959 $aSE 979 $aPATTY$b90$c20020321$lUSA01$h0953 979 $c20020403$lUSA01$h1745 979 $aPATRY$b90$c20040406$lUSA01$h1713 979 $aPATRY$b90$c20050103$lUSA01$h1641 979 $aPATRY$b90$c20050103$lUSA01$h1645 979 $aPATRY$b90$c20050103$lUSA01$h1648 979 $aESTER$b90$c20070918$lUSA01$h1514 996 $aRassegna chimica$9790582 997 $aUNISA LEADER 01123nam--2200325---450- 001 990006038260203316 005 20150513152315.0 035 $a000603826 035 $aUSA01000603826 035 $a(ALEPH)000603826USA01 035 $a000603826 100 $a20150513d--------km-y0itay50------ba 101 $aita 102 $aIT 105 $a||||||||001yy 200 1 $a<> momento oscuro della incoronazione romana di Enrico VI (a. 1191)$erisultati di una vivace polemica storiografica e tentativo di ricostruzione dell'episodio$fPiero Zerbi 210 $a[S.l.]$c[s.n.]$d[s.d.] 215 $a12 p.$d24 cm 300 $aGià pubblicato in: Miscellanea Mons. Giulio Belvederi, 1954 600 0 $aEnrico $xIncoronazione$z1191$2BNCF 676 $a943.024092 700 1$aZERBI,$bPietro$0198237 801 0$aIT$bsalbc$gISBD 912 $a990006038260203316 951 $aFC.OE. 238$b295 FCil$cFC.OE.$d375772 959 $aBK 969 $aFCIL 979 $aGENEROSO$b90$c20150513$lUSA01$h1523 996 $aMomento oscuro della incoronazione romana di Enrico VI (a. 1191$91075856 997 $aUNISA